[Event "Bundesliga 1415"]
[Site "Germany"]
[Date "2015.03.14"]
[Round "12.6"]
[White "Medvegy, Zoltan"]
[Black "Appel, Ralf"]
[Result "1-0"]
[WhiteElo "2510"]
[BlackElo "2526"]
[PlyCount "107"]
[EventDate "2014.10.18"]
[EventType "team-tourn"]
[EventRounds "15"]
[EventCountry "GER"]
[SourceTitle "CBM 166"]
[Source "ChessBase"]
[SourceDate "2015.05.11"]
[SourceVersion "1"]
[SourceVersionDate "2015.05.11"]
[SourceQuality "1"]
[WhiteTeam "Eppingen"]
[BlackTeam "Solingen"]
[WhiteTeamCountry "GER"]
[BlackTeamCountry "GER"]

1. c4 c5 2. Nf3 g6 3. d4 cxd4 4. Nxd4 Bg7 5. e4 Nf6 6. Nc3 0-0 7. Be2 d6 8. 0-0 b6 9. Bf3 e5 10. Nc2 Be6 11. b3 Qd7 12. Ba3 Rd8 13. Qe2 Na6 14. Rfd1 Nc5 15. Rd2 Bf8 16. Ne3 Rac8 17. Rad1 Qb7 18. Ng4 Ne8 19. Bb2 Bg7 20. Ne3 h5 21. g3 f6 22. Bg2 Bh6 23. Ncd5 Qf7 24. f4 Bd7 25. Rf1 Qh7 26. Rdd1 Rb8 27. Ba1 Bg7 28. Ne7+ Kh8 29. f5 g5 30. Ng6+ Kg8 31. Nd5 Bf8 32. b4 Nb7 33. h3 Rdc8 34. Bf3 Nd8 35. Bxh5 Nf7 36. Nge7+ Bxe7 37. Nxe7+ Kf8 38. Nxc8 Rxc8 39. b5 Nd8 40. Bxe8 Kxe8 41. Rxd6 Qxh3 42. Rfd1 Qxg3+ 43. Qg2 Qxg2+ 44. Kxg2 Rc7 45. Rxf6 Rxc4 46. Rfd6 Rc7 47. Bxe5 Nf7 48. Re6+ Bxe6 49. Bxc7 Bxa2 50. Rc1 Bb3 51. Kf3 Ba4 52. e5 Nh6 53. Ke4 Bxb5 54. Bd6 1-0

[Event "Bundesliga 1415"]
[Site "Germany"]
[Date "2014.12.07"]
[Round "6.6"]
[White "Appel, Ralf"]
[Black "Boensch, Uwe"]
[Result "1/2-1/2"]
[WhiteElo "2526"]
[BlackElo "2543"]
[PlyCount "160"]
[EventDate "2014.10.18"]
[EventType "team-tourn"]
[EventRounds "15"]
[EventCountry "GER"]
[SourceTitle "CBM 164"]
[Source "ChessBase"]
[SourceDate "2015.01.15"]
[SourceVersion "1"]
[SourceVersionDate "2015.01.15"]
[SourceQuality "1"]
[WhiteTeam "Solingen"]
[BlackTeam "Dresden TU"]
[WhiteTeamCountry "GER"]
[BlackTeamCountry "GER"]

1. d4 d5 2. Bf4 c6 3. e3 Bf5 4. c4 dxc4 5. Bxc4 e6 6. Nc3 Nf6 7. Nge2 Nbd7 8. 0-0 Nb6 9. Bb3 Be7 10. Ng3 Bg6 11. e4 h5 12. f3 h4 13. Nge2 Nfd7 14. Kh1 0-0 15. Qd2 Bf6 16. Be3 e5 17. f4 exd4 18. Nxd4 Bxd4 19. Qxd4 Nf6 20. f5 Bh5 21. e5 Qxd4 22. Bxd4 Nfd7 23. e6 c5 24. Bf2 c4 25. Bc2 fxe6 26. fxe6 Ne5 27. Bxh4 Rxf1+ 28. Rxf1 Re8 29. Rf5 Bg6 30. Rxe5 Bxc2 31. Nb5 Ba4 32. Nd6 Rf8 33. Kg1 Rf4 34. Bf2 c3 35. bxc3 Nc4 36. Nxc4 Rxc4 37. Bd4 Be8 38. Rf5 Rc7 39. Bc5 Bg6 40. Rf8+ Kh7 41. Bb4 a5 42. Bxa5 Re7 43. Kf2 Rxe6 44. Bb4 Be4 45. g4 g5 46. Bc5 Kg7 47. Ra8 Bc6 48. Bd4+ Kf7 49. Ra5 Kg6 50. Be3 Rf6+ 51. Ke1 b5 52. Bd4 Re6+ 53. Kf2 Bd7 54. Ra8 Re8 55. Rxe8 Bxe8 56. a3 Bd7 57. Kg3 Bc6 58. h4 gxh4+ 59. Kxh4 Bd7 60. Kg3 Be6 61. Kf4 Bd7 62. g5 Bc6 63. Be3 Bd7 64. Ke5 Be8 65. Kd6 Kf5 66. Kc5 Ke4 67. Bd4 Kf5 68. Bf6 Ke6 69. Kd4 Bc6 70. Kc5 Be8 71. Bd4 Kf5 72. Be3 Ke4 73. Bc1 Kd3 74. Kd5 Kxc3 75. Bf4 b4 76. Bd2+ Kxd2 77. axb4 Ke3 78. Kc5 Kf4 79. b5 Bxb5 80. Kxb5 Ke4 1/2-1/2

[Event "Bundesliga 1415"]
[Site "Germany"]
[Date "2014.11.09"]
[Round "4.8"]
[White "Meins, Gerlef"]
[Black "Appel, Ralf"]
[Result "1/2-1/2"]
[WhiteElo "2439"]
[BlackElo "2526"]
[PlyCount "88"]
[EventDate "2014.10.18"]
[EventType "team-tourn"]
[EventRounds "15"]
[EventCountry "GER"]
[SourceTitle "CBM 164"]
[Source "ChessBase"]
[SourceDate "2015.01.15"]
[SourceVersion "1"]
[SourceVersionDate "2015.01.15"]
[SourceQuality "1"]
[WhiteTeam "Werder Bremen"]
[BlackTeam "Solingen"]
[WhiteTeamCountry "GER"]
[BlackTeamCountry "GER"]

1. Nf3 d5 2. c4 e6 3. d4 c6 4. Nbd2 Nf6 5. Qc2 Nbd7 6. a3 b6 7. e4 dxe4 8. Nxe4 c5 9. Bg5 Bb7 10. d5 Be7 11. 0-0-0 Nxe4 12. Bxe7 Qxe7 13. Qxe4 0-0-0 14. Bd3 Qf6 15. Rhe1 h6 16. Qg4 h5 17. Qg5 h4 18. dxe6 fxe6 19. Qxf6 gxf6 20. Be4 Bxe4 21. Rxe4 h3 22. g3 e5 23. Nh4 Rh5 24. Rg4 Rg5 25. Rxg5 fxg5 26. Nf5 Kc7 27. Nd6 Rf8 28. Ne4 g4 29. Kd2 Nb8 30. Ke1 Nc6 31. Ng5 Re8 32. f3 gxf3 33. Nxf3 e4 34. Ng5 Nd4 35. Kd2 Re5 36. Nxh3 Rh5 37. Nf4 Rxh2+ 38. Ke3 Nf5+ 39. Kxe4 Nxg3+ 40. Kf3 Nf5 41. Ne6+ Kc6 42. Nd8+ Kc7 43. Ne6+ Kc6 44. Nd8+ Kc7 1/2-1/2

[Event "Bundesliga 1415"]
[Site "Germany"]
[Date "2014.10.19"]
[Round "2.5"]
[White "Gharamian, Tigran"]
[Black "Appel, Ralf"]
[Result "1-0"]
[WhiteElo "2657"]
[BlackElo "2526"]
[PlyCount "71"]
[EventDate "2014.10.18"]
[EventType "team-tourn"]
[EventRounds "15"]
[EventCountry "GER"]
[SourceTitle "CBM 163"]
[Source "ChessBase"]
[SourceDate "2014.11.11"]
[SourceVersion "1"]
[SourceVersionDate "2014.11.11"]
[SourceQuality "1"]
[WhiteTeam "Schwaebisch Hall"]
[BlackTeam "Solingen"]
[WhiteTeamCountry "GER"]
[BlackTeamCountry "GER"]

1. e4 Nf6 2. e5 Nd5 3. d4 d6 4. Nf3 Bg4 5. Be2 e6 6. c4 Nb6 7. h3 Bh5 8. exd6 cxd6 9. Nc3 Be7 10. d5 e5 11. g4 Bg6 12. h4 h6 13. c5 N6d7 14. cxd6 Bxd6 15. h5 Bh7 16. g5 e4 17. Nd2 e3 18. Nde4 exf2+ 19. Kxf2 Be5 20. gxh6 gxh6 21. Qa4 f5 22. Nd2 Qb6+ 23. Kf1 f4 24. Nc4 Qf6 25. Nxe5 Qxe5 26. Rh4 0-0 27. Bxf4 Nb6 28. Rg4+ Kh8 29. Kg1 Qf6 30. Qb4 Na6 31. Qd6 Rae8 32. Bxh6 Qf2+ 33. Kh1 Rg8 34. Rxg8+ Bxg8 35. Bg5 Rxe2 36. Qh6+ 1-0

[Event "Bundesliga 1314"]
[Site "Germany"]
[Date "2014.04.06"]
[Round "15.2"]
[White "Appel, Ralf"]
[Black "L'Ami, Erwin"]
[Result "1/2-1/2"]
[WhiteElo "2535"]
[BlackElo "2645"]
[PlyCount "111"]
[EventDate "2013.10.12"]
[EventType "team-tourn"]
[EventRounds "15"]
[EventCountry "GER"]
[SourceTitle "CBM 160"]
[Source "ChessBase"]
[SourceDate "2014.05.15"]
[SourceVersion "1"]
[SourceVersionDate "2014.05.15"]
[SourceQuality "1"]
[WhiteTeam "Wattenscheid"]
[BlackTeam "Solingen"]
[WhiteTeamCountry "GER"]
[BlackTeamCountry "GER"]

1. d4 Nf6 2. Nf3 e6 3. Bf4 b6 4. e3 Bb7 5. Bd3 Bd6 6. Bg3 Bxg3 7. hxg3 c5 8. Nbd2 Nc6 9. c3 Qc7 10. dxc5 bxc5 11. Qa4 Ne5 12. Nxe5 Qxe5 13. e4 Qc7 14. 0-0-0 Ng4 15. Rdf1 Bc6 16. Qa3 d6 17. f4 Rb8 18. Rh4 Nf6 19. g4 g5 20. fxg5 Nd7 21. g6 fxg6 22. Nc4 Bb5 23. g5 Ke7 24. Rfh1 d5 25. exd5 exd5 26. Ne3 Bc6 27. c4 d4 28. Rxd4 Qe5 29. Re1 Kf7 30. Rg4 Rhe8 31. Re2 Qd6 32. Nd5 Rxe2 33. Bxe2 Qe5 34. Bd1 a5 35. g3 Nf8 36. Rf4+ Kg7 37. Qc3 Qxc3+ 38. Nxc3 Ne6 39. Rf6 Bd7 40. Nd5 Rb7 41. Nf4 Nxf4 42. gxf4 h5 43. Bf3 Rc7 44. Be4 Be8 45. Kd2 Re7 46. Bd5 h4 47. f5 gxf5 48. Rh6 h3 49. b3 f4 50. Rxh3 Kg6 51. Rh8 Kxg5 52. Rg8+ Kf6 53. Rf8+ Kg5 54. Rg8+ Kf6 55. Rf8+ Kg5 56. Rg8+ 1/2-1/2

[Event "Bundesliga 1314"]
[Site "Germany"]
[Date "2014.04.05"]
[Round "14.2"]
[White "Haslinger, Stewart"]
[Black "Appel, Ralf"]
[Result "0-1"]
[WhiteElo "2543"]
[BlackElo "2535"]
[PlyCount "164"]
[EventDate "2013.10.12"]
[EventType "team-tourn"]
[EventRounds "15"]
[EventCountry "GER"]
[SourceTitle "CBM 160"]
[Source "ChessBase"]
[SourceDate "2014.05.15"]
[SourceVersion "1"]
[SourceVersionDate "2014.05.15"]
[SourceQuality "1"]
[WhiteTeam "Trier"]
[BlackTeam "Wattenscheid"]
[WhiteTeamCountry "GER"]
[BlackTeamCountry "GER"]

1. e4 Nf6 2. e5 Nd5 3. d4 d6 4. Nf3 dxe5 5. Nxe5 c6 6. Be2 Nd7 7. Nf3 g6 8. c4 N5f6 9. 0-0 Bg7 10. Nc3 0-0 11. Re1 Nb6 12. h3 Be6 13. b3 Qc7 14. Be3 Rad8 15. Qc1 Rfe8 16. Bf4 Qc8 17. Qa3 a6 18. Rac1 Bf8 19. Bf1 Nh5 20. Bh2 Bh6 21. Rcd1 Nf6 22. Qa5 Na8 23. g4 Bg7 24. Ne5 h5 25. f3 hxg4 26. hxg4 Nh7 27. Kg2 Nf8 28. c5 f6 29. Nc4 f5 30. gxf5 Bxf5 31. Ne5 Bh3+ 32. Kf2 Bxf1 33. Rxf1 Nc7 34. Ne4 Nd5 35. Qd2 Qh3 36. Bg3 Bh6 37. Ng5 Qf5 38. Bh4 Nf4 39. Nef7 Bxg5 40. Nxg5 Rd5 41. Qe3 N8e6 42. Nxe6 Nxe6 43. Rg1 Kf7 44. Rg4 g5 45. Bg3 Nxc5 46. Be5 Rg8 47. Kg3 Nd7 48. Re1 Rg6 49. b4 Nxe5 50. dxe5 Rd3 51. Qe2 Rh6 52. Qe4 Kg6 53. a4 Qxe4 54. Rgxe4 Kf5 55. b5 axb5 56. axb5 c5 57. e6 b6 58. Re5+ Kf6 59. R5e4 Rh4 60. Rxh4 gxh4+ 61. Kg4 Rb3 62. f4 h3 63. Re5 h2 64. Rh5 Kxe6 65. Rxh2 Rxb5 66. f5+ Kd5 67. Rd2+ Kc6 68. Re2 Rb4+ 69. Kg5 Kd7 70. Kg6 Rf4 71. Rb2 Rd4 72. Ra2 Rd6+ 73. Kg5 Kc6 74. Re2 Rd7 75. Kg6 c4 76. Kf7 b5 77. Re6+ Kd5 78. Rxe7 Rxe7+ 79. Kxe7 c3 80. f6 c2 81. f7 c1Q 82. f8Q Qa3+ 0-1

[Event "Bundesliga 1314"]
[Site "Germany"]
[Date "2014.02.09"]
[Round "8.3"]
[White "Appel, Ralf"]
[Black "Efimenko, Zahar"]
[Result "0-1"]
[WhiteElo "2535"]
[BlackElo "2661"]
[PlyCount "60"]
[EventDate "2013.10.12"]
[EventType "team-tourn"]
[EventRounds "15"]
[EventCountry "GER"]
[SourceTitle "CBM 159"]
[Source "ChessBase"]
[SourceDate "2014.03.17"]
[SourceVersion "1"]
[SourceVersionDate "2014.03.17"]
[SourceQuality "1"]
[WhiteTeam "Wattenscheid"]
[BlackTeam "Werder Bremen"]
[WhiteTeamCountry "GER"]
[BlackTeamCountry "GER"]

1. b3 Nf6 2. Bb2 g6 3. g4 Bg7 4. e3 0-0 5. Bg2 d5 6. g5 Ne8 7. Bxg7 Nxg7 8. Nc3 c6 9. Qe2 e5 10. h4 b5 11. Bh3 Nd7 12. a4 b4 13. Na2 c5 14. Qf3 e4 15. Qg3 Qe7 16. Qc7 Qe5 17. Qxe5 Nxe5 18. 0-0-0 f6 19. Rh2 fxg5 20. hxg5 Bxh3 21. Nxh3 Ne6 22. Rg2 a5 23. d3 Rad8 24. Rg3 exd3 25. cxd3 c4 26. dxc4 dxc4 27. Rxd8 Rxd8 28. bxc4 Nc5 29. Nf4 Nxc4 30. Rg1 Rd2 0-1

[Event "Bundesliga 1314"]
[Site "Germany"]
[Date "2013.12.15"]
[Round "6.5"]
[White "Ribli, Zoltan"]
[Black "Appel, Ralf"]
[Result "1/2-1/2"]
[WhiteElo "2584"]
[BlackElo "2535"]
[PlyCount "93"]
[EventDate "2013.10.12"]
[EventType "team-tourn"]
[EventRounds "15"]
[EventCountry "GER"]
[SourceTitle "CBM 158"]
[Source "ChessBase"]
[SourceDate "2014.01.16"]
[SourceVersion "1"]
[SourceVersionDate "2014.01.16"]
[SourceQuality "1"]
[WhiteTeam "Hockenheim"]
[BlackTeam "Wattenscheid"]
[WhiteTeamCountry "GER"]
[BlackTeamCountry "GER"]

1. c4 g6 2. d4 Bg7 3. Nf3 d6 4. Nc3 Bg4 5. g3 Bxf3 6. exf3 e6 7. d5 exd5 8. cxd5 Nd7 9. Bh3 Ne7 10. 0-0 0-0 11. Be3 Nf6 12. Rc1 c6 13. dxc6 bxc6 14. Qd2 d5 15. Na4 Nd7 16. Rfd1 Nb6 17. Qc2 d4 18. Bg5 Nbd5 19. Nc5 Qd6 20. Nb3 h6 21. Bd2 Rab8 22. Be1 Nb4 23. Qb1 Rfd8 24. Rc4 Na6 25. Ba5 Re8 26. Bd2 Qd5 27. Ra4 Nc5 28. Ra5 Rb5 29. Rxb5 cxb5 30. Nxc5 Qxc5 31. Re1 Rd8 32. Qe4 Nf5 33. Rc1 Qb6 34. Bxf5 gxf5 35. Qxf5 d3 36. Rc5 a6 37. b4 Qd6 38. Kg2 Bd4 39. Qg4+ Kf8 40. Rc8 Rxc8 41. Qxc8+ Kg7 42. Qg4+ Kf8 43. Qe4 Be5 44. Be3 Kg7 45. Bc5 Qe6 46. f4 d2 47. Qd3 1/2-1/2

[Event "Bundesliga 1314"]
[Site "Germany"]
[Date "2013.12.14"]
[Round "5.5"]
[White "Appel, Ralf"]
[Black "Movsesian, Sergei"]
[Result "0-1"]
[WhiteElo "2535"]
[BlackElo "2696"]
[PlyCount "84"]
[EventDate "2013.10.12"]
[EventType "team-tourn"]
[EventRounds "15"]
[EventCountry "GER"]
[SourceTitle "CBM 158"]
[Source "ChessBase"]
[SourceDate "2014.01.16"]
[SourceVersion "1"]
[SourceVersionDate "2014.01.16"]
[SourceQuality "1"]
[WhiteTeam "Wattenscheid"]
[BlackTeam "Baden-Baden"]
[WhiteTeamCountry "GER"]
[BlackTeamCountry "GER"]

1. Nf3 d5 2. g3 c6 3. Bg2 Bg4 4. 0-0 Nd7 5. d3 Ngf6 6. Nbd2 e5 7. e4 Bd6 8. h3 Bh5 9. Qe1 0-0 10. Nh4 Re8 11. Kh1 Nc5 12. Nb3 Ne6 13. Bd2 Qc7 14. Rc1 dxe4 15. dxe4 Nd7 16. Be3 a5 17. a3 a4 18. Nd2 f6 19. f3 Rad8 20. Rf2 Bf8 21. Nf5 Bf7 22. Nf1 Nb6 23. Qc3 c5 24. Rd2 Rxd2 25. Nxd2 Nd4 26. Nxd4 exd4 27. Bxd4 Qxg3 28. Bg1 Nd5 29. Nf1 Qxg2+ 30. Kxg2 Nxc3 31. bxc3 b5 32. Rb1 Rb8 33. Ne3 Be6 34. Bh2 Rd8 35. Bc7 Rd2+ 36. Kg3 Bd7 37. h4 Kf7 38. Bf4 Re2 39. Rb2 c4 40. Ra2 Bc5 41. Ng2 h5 42. Kh2 g5 0-1

[Event "Bundesliga 1314"]
[Site "Germany"]
[Date "2013.11.23"]
[Round "3.5"]
[White "Siebrecht, Sebastian"]
[Black "Appel, Ralf"]
[Result "1-0"]
[WhiteElo "2496"]
[BlackElo "2535"]
[PlyCount "107"]
[EventDate "2013.10.12"]
[EventType "team-tourn"]
[EventRounds "15"]
[EventCountry "GER"]
[SourceTitle "CBM 158"]
[Source "ChessBase"]
[SourceDate "2014.01.16"]
[SourceVersion "1"]
[SourceVersionDate "2014.01.16"]
[SourceQuality "1"]
[WhiteTeam "Katernberg"]
[BlackTeam "Wattenscheid"]
[WhiteTeamCountry "GER"]
[BlackTeamCountry "GER"]

1. Nf3 d5 2. d4 c6 3. Bf4 Nf6 4. e3 Bg4 5. c4 Bxf3 6. gxf3 e6 7. Qb3 b6 8. Nc3 Bd6 9. Bg3 0-0 10. Bd3 Qe7 11. 0-0-0 Nbd7 12. cxd5 cxd5 13. Nb5 Bb8 14. Kb1 a6 15. Nc7 Bxc7 16. Bxc7 b5 17. Rc1 Rfe8 18. Rc6 g6 19. Rhc1 Qf8 20. Qc3 Qh6 21. Bf4 Qh3 22. Be2 Nh5 23. Bd6 Qh4 24. Qe1 e5 25. Rd1 Re6 26. dxe5 Nxe5 27. Rb6 Qd8 28. Bxe5 Qxb6 29. f4 Nf6 30. Bd4 Qd8 31. f5 Re8 32. f3 Nh5 33. f4 Ng7 34. Bd3 Qd7 35. fxg6 fxg6 36. Bc2 Rad8 37. Bf6 Rc8 38. Qd2 Qe6 39. Be5 Nf5 40. Bb3 Rc4 41. Bxc4 dxc4 42. e4 Ne7 43. Qg2 Qb6 44. Qg5 Qc6 45. Ka1 Nc8 46. Qh6 Qb7 47. h4 Qf7 48. h5 Qf8 49. Qg5 Qe7 50. Qg4 Rd8 51. Rxd8+ Qxd8 52. hxg6 hxg6 53. Qxg6+ Kf8 54. Bg7+ 1-0

[Event "Bundesliga 1213"]
[Site "Germany"]
[Date "2013.02.24"]
[Round "10"]
[White "Appel, Ralf"]
[Black "Gordon, Stephen J"]
[Result "1/2-1/2"]
[WhiteElo "2525"]
[BlackElo "2556"]
[PlyCount "89"]
[EventDate "2012.10.20"]
[EventType "team-tourn"]
[EventRounds "15"]
[EventCountry "GER"]
[SourceTitle "CBM 153"]
[Source "ChessBase"]
[SourceDate "2013.03.14"]
[SourceVersion "1"]
[SourceVersionDate "2013.03.14"]
[SourceQuality "1"]
[WhiteTeam "Wattenscheid"]
[BlackTeam "Trier"]
[WhiteTeamCountry "GER"]
[BlackTeamCountry "GER"]

1. d4 Nf6 2. Nf3 e6 3. Bf4 b6 4. e3 Bb7 5. Bd3 Be7 6. h3 Ne4 7. 0-0 0-0 8. Bxe4 Bxe4 9. c4 d6 10. Nc3 Bb7 11. e4 Nd7 12. Re1 Bf6 13. Bg3 g6 14. Qe2 Bg7 15. Rad1 h6 16. Rd2 Re8 17. Qd1 Nf8 18. e5 d5 19. Bh4 g5 20. Bg3 dxc4 21. Nh2 Ng6 22. Ng4 a6 23. a4 Re7 24. Ne3 Qe8 25. Nxc4 Rd8 26. Qe2 Red7 27. Red1 Ne7 28. Ne3 c5 29. dxc5 Rxd2 30. Rxd2 bxc5 31. h4 Rd4 32. hxg5 hxg5 33. Nc2 Qc6 34. f3 Rxd2 35. Qxd2 Qb6 36. Ne3 Nf5 37. Nxf5 exf5 38. Qxg5 Qxb2 39. Qd8+ Kh7 40. Nd5 Qc1+ 41. Kh2 Qh6+ 42. Kg1 Qc1+ 43. Kh2 Qh6+ 44. Kg1 Qc1+ 45. Kh2 1/2-1/2

[Event "Bundesliga 1213"]
[Site "Germany"]
[Date "2013.02.23"]
[Round "9"]
[White "Shirov, Alexei"]
[Black "Appel, Ralf"]
[Result "1/2-1/2"]
[WhiteElo "2718"]
[BlackElo "2525"]
[PlyCount "74"]
[EventDate "2012.10.20"]
[EventType "team-tourn"]
[EventRounds "15"]
[EventCountry "GER"]
[SourceTitle "CBM 153"]
[Source "ChessBase"]
[SourceDate "2013.03.14"]
[SourceVersion "1"]
[SourceVersionDate "2013.03.14"]
[SourceQuality "1"]
[WhiteTeam "Baden-Baden"]
[BlackTeam "Wattenscheid"]
[WhiteTeamCountry "GER"]
[BlackTeamCountry "GER"]

1. e4 Nf6 2. e5 Nd5 3. d4 d6 4. c4 Nb6 5. exd6 exd6 6. Bd3 Nc6 7. Ne2 g6 8. Nbc3 Bg7 9. Be3 0-0 10. 0-0 Nb4 11. b3 c6 12. Bb1 d5 13. c5 Nd7 14. a3 Na6 15. b4 Nc7 16. Bd3 Ne6 17. Qd2 b6 18. Rad1 a5 19. b5 Bb7 20. Nxd5 bxc5 21. bxc6 Bxc6 22. Be4 Ba4 23. Rc1 cxd4 24. Nxd4 Ndc5 25. Nxe6 Nxe4 26. Nxd8 Nxd2 27. Bxd2 Rfxd8 28. Nb6 Bb5 29. Rfd1 Rab8 30. Bxa5 Bb2 31. Rxd8+ Rxd8 32. Rb1 Bxa3 33. Nc4 Rd3 34. Ne5 Rd5 35. Ng4 Bb2 36. h3 Bd3 37. Rxb2 Rxa5 1/2-1/2

[Event "Bundesliga 1213"]
[Site "Germany"]
[Date "2013.02.03"]
[Round "8"]
[White "Appel, Ralf"]
[Black "Rogozenco, Dorian"]
[Result "1/2-1/2"]
[WhiteElo "2525"]
[BlackElo "2503"]
[PlyCount "50"]
[EventDate "2012.10.20"]
[EventType "team-tourn"]
[EventRounds "15"]
[EventCountry "GER"]
[SourceTitle "CBM 153"]
[Source "ChessBase"]
[SourceDate "2013.03.14"]
[SourceVersion "1"]
[SourceVersionDate "2013.03.14"]
[SourceQuality "1"]
[WhiteTeam "Wattenscheid"]
[BlackTeam "Hamburger SK"]
[WhiteTeamCountry "GER"]
[BlackTeamCountry "GER"]

1. Nf3 Nf6 2. d4 d5 3. c4 e6 4. Nc3 dxc4 5. e3 a6 6. a4 c5 7. Bxc4 Nc6 8. 0-0 Be7 9. Qe2 cxd4 10. Rd1 e5 11. exd4 exd4 12. Nxd4 Nxd4 13. Qe5 Qd6 14. Qxd4 Qxd4 15. Rxd4 Bc5 16. Rd3 Be6 17. Bxe6 fxe6 18. Bf4 Rd8 19. Rad1 Ke7 20. Kf1 Rxd3 21. Rxd3 Rd8 22. Rxd8 Kxd8 23. Be5 Kd7 24. h3 Kc6 25. Ke2 b5 1/2-1/2

[Event "Bundesliga 1213"]
[Site "Germany"]
[Date "2012.11.11"]
[Round "4.4"]
[White "Appel, Ralf"]
[Black "Tazbir, Marcin"]
[Result "1/2-1/2"]
[WhiteElo "2525"]
[BlackElo "2555"]
[PlyCount "77"]
[EventDate "2012.10.20"]
[EventType "team-tourn"]
[EventRounds "15"]
[EventCountry "GER"]
[SourceTitle "CBM 151"]
[Source "ChessBase"]
[SourceDate "2012.11.13"]
[SourceVersion "1"]
[SourceVersionDate "2012.11.13"]
[SourceQuality "1"]
[WhiteTeam "Wattenscheid"]
[BlackTeam "Wiesbaden"]
[WhiteTeamCountry "GER"]
[BlackTeamCountry "GER"]

1. e4 e5 2. Nf3 Nc6 3. Bc4 Nf6 4. d3 Be7 5. 0-0 0-0 6. Re1 d6 7. c3 Na5 8. Bb5 a6 9. Ba4 b5 10. Bc2 c5 11. d4 Nd7 12. Nbd2 exd4 13. cxd4 Nc6 14. Nf1 cxd4 15. Nxd4 Nxd4 16. Qxd4 Ne5 17. Ne3 Bf6 18. Qd1 Nc4 19. Rb1 Be6 20. Nd5 Bxd5 21. Qxd5 Rc8 22. Qd1 Qa5 23. Bb3 Rfe8 24. Re2 h6 25. h3 Qb6 26. Be3 Qb7 27. Bd4 Be5 28. Qd3 d5 29. Rbe1 Bxd4 30. Qxd4 dxe4 31. Bc2 f5 32. Rd1 Rcd8 33. Qxd8 Rxd8 34. Rxd8+ Kf7 35. Bb3 Ke7 36. Rg8 Kf6 37. Rf8+ Ke5 38. Re8+ Kf6 39. Rf8+ 1/2-1/2

[Event "Bundesliga 1213"]
[Site "Germany"]
[Date "2012.10.20"]
[Round "1.5"]
[White "Appel, Ralf"]
[Black "Abel, Dennes"]
[Result "1/2-1/2"]
[WhiteElo "2525"]
[BlackElo "2437"]
[PlyCount "131"]
[EventDate "2012.10.20"]
[EventType "team-tourn"]
[EventRounds "15"]
[EventCountry "GER"]
[SourceTitle "CBM 151"]
[Source "ChessBase"]
[SourceDate "2012.11.13"]
[SourceVersion "1"]
[SourceVersionDate "2012.11.13"]
[SourceQuality "1"]
[WhiteTeam "Wattenscheid"]
[BlackTeam "Berlin SF"]
[WhiteTeamCountry "GER"]
[BlackTeamCountry "GER"]

1. Nf3 d5 2. g3 c6 3. Bg2 Bg4 4. 0-0 Nd7 5. d3 e6 6. e4 Bc5 7. h3 Bxf3 8. Qxf3 Ne7 9. b3 0-0 10. Bb2 f5 11. Nd2 Qc7 12. Kh1 Ng6 13. exd5 exd5 14. Qh5 f4 15. Nf3 Nf6 16. Bxf6 Rxf6 17. g4 Ne7 18. g5 Rff8 19. c3 Ng6 20. d4 Bd6 21. Rfe1 Rae8 22. Qg4 Qf7 23. Bf1 Ba3 24. Rab1 Bd6 25. Bd3 Rxe1+ 26. Rxe1 Re8 27. Rxe8+ Qxe8 28. Qf5 Nf8 29. c4 g6 30. Qg4 Qe6 31. Qg2 Kg7 32. Qf1 Be7 33. Kg2 h6 34. gxh6+ Kxh6 35. Ne5 Bf6 36. Ng4+ Kg7 37. Qc1 g5 38. Qc3 dxc4 39. bxc4 Qd6 40. Qb3 b6 41. d5 Nd7 42. Be2 b5 43. Qf3 cxd5 44. cxd5 a6 45. Qe4 Ne5 46. Nxe5 Qxe5 47. Qd3 Qd4 48. Qf5 Qe5 49. Qd7+ Qe7 50. Qg4 Qd6 51. Bf3 Kf7 52. Qf5 Ke7 53. Qh7+ Kd8 54. Qb7 Be5 55. Bg4 Bd4 56. Qc8+ Ke7 57. Qg8 Bf6 58. Bh5 Kd7 59. Qa8 Kc7 60. Qa7+ Kd8 61. Qb7 Be5 62. Bg4 Bd4 63. Qf7 Bf6 64. Kf1 Be7 65. Bf3 Kc7 66. Qe8 1/2-1/2

[Event "POR-chT"]
[Site "Porto"]
[Date "2012.07.27"]
[Round "7.2"]
[White "Appel, Ralf"]
[Black "Korneev, Oleg"]
[Result "1/2-1/2"]
[WhiteElo "2535"]
[BlackElo "2577"]
[PlyCount "37"]
[EventDate "2012.07.21"]
[EventType "team-tourn"]
[EventRounds "9"]
[EventCountry "POR"]
[SourceTitle "CBM 149 Extra"]
[Source "ChessBase"]
[SourceDate "2012.08.24"]
[SourceVersion "1"]
[SourceVersionDate "2012.08.24"]
[SourceQuality "1"]
[WhiteTeam "Albufeira"]
[BlackTeam "Gaia"]
[WhiteTeamCountry "POR"]
[BlackTeamCountry "POR"]

1. Nf3 Nf6 2. d4 d5 3. c4 e6 4. Nc3 c6 5. e3 Nbd7 6. a3 Bd6 7. Bd3 0-0 8. 0-0 e5 9. cxd5 cxd5 10. e4 dxe4 11. Nxe4 Nxe4 12. Bxe4 Nf6 13. dxe5 Nxe4 14. exd6 Qxd6 15. Qxd6 Nxd6 16. Re1 Be6 17. Nd4 Bd7 18. Bf4 Nf5 19. Rad1 1/2-1/2

[Event "POR-chT"]
[Site "Porto"]
[Date "2012.07.21"]
[Round "1.5"]
[White "Appel, Ralf"]
[Black "Gonzalez Perez, Arian"]
[Result "1/2-1/2"]
[WhiteElo "2535"]
[BlackElo "2452"]
[PlyCount "130"]
[EventDate "2012.07.21"]
[EventType "team-tourn"]
[EventRounds "9"]
[EventCountry "POR"]
[SourceTitle "CBM 149 Extra"]
[Source "ChessBase"]
[SourceDate "2012.08.24"]
[SourceVersion "1"]
[SourceVersionDate "2012.08.24"]
[SourceQuality "1"]
[WhiteTeam "Albufeira"]
[BlackTeam "Dias Ferreira"]
[WhiteTeamCountry "POR"]
[BlackTeamCountry "POR"]

1. Nf3 Nf6 2. g3 g6 3. Bg2 Bg7 4. 0-0 0-0 5. d4 d6 6. Re1 Nbd7 7. e4 e5 8. Nc3 Re8 9. h3 c6 10. a4 a5 11. Bg5 Qb6 12. Be3 Qc7 13. d5 Nc5 14. Nd2 Nfd7 15. Nc4 Bf8 16. Qd2 Nb6 17. Nxb6 Qxb6 18. Rad1 Bd7 19. b3 Qb4 20. dxc6 bxc6 21. Na2 Qxd2 22. Rxd2 Be6 23. Nc3 Na6 24. f4 Nb4 25. Rf1 Rab8 26. f5 Bc8 27. g4 Be7 28. Bf3 Bd8 29. Be2 f6 30. Bc4+ Kg7 31. Rff2 Be7 32. Kf1 Ba6 33. Bxa6 Nxa6 34. h4 d5 35. exd5 Bb4 36. dxc6 Bxc3 37. Rd7+ Kg8 38. fxg6 hxg6 39. Rxf6 Rf8 40. Rxf8+ Rxf8+ 41. Ke2 Rc8 42. Rd6 Kf7 43. Bb6 Bb4 44. Rd7+ Ke6 45. Rg7 Kf6 46. Ra7 Nb8 47. Ra8 Rxc6 48. Rxb8 Rxc2+ 49. Kd3 Rg2 50. Bd8+ Ke6 51. Rb6+ Kf7 52. Bc7 Rg3+ 53. Ke4 Rxg4+ 54. Kxe5 Rxh4 55. Bd6 Rh5+ 56. Ke4 Bxd6 57. Rxd6 Rg5 58. Rb6 Ke7 59. Kd4 Rg1 60. Rb5 Rb1 61. Ke5 Rf1 62. Ke4 Rf5 63. Rxf5 gxf5+ 64. Kxf5 Kd6 65. Ke4 Kc5 1/2-1/2